30 Biggest Cities in Ohio - Statistics

General Stats
  • This quiz has been taken 21 times
  • The average score is 15 of 30
Answer Stats
Population Answer % Correct
198,006 Akron
100%
302,605 Cincinnati
100%
383,793 Cleveland
100%
892,533 Columbus
100%
274,975 Toledo
100%
140,640 Dayton
95%
70,458 Canton
89%
64,958 Youngstown
84%
64,028 Lorain
68%
78,751 Parma
63%
62,174 Hamilton
58%
49,272 Cuyahoga Falls
53%
59,282 Springfield
53%
46,936 Euclid
47%
53,881 Elyria
42%
46,560 Mansfield
42%
48,861 Middletown
42%
50,029 Newark
37%
44,373 Cleveland Heights
32%
48,647 Dublin
32%
55,103 Kettering
32%
41,324 Findlay
26%
50,100 Lakewood
26%
47,273 Mentor
21%
47,391 Beavercreek
16%
42,613 Fairfield
16%
41,495 Grove City
11%
40,414 Lancaster
11%
44,853 Strongsville
11%
40,387 Westerville
0%
No matching quizzes found
Score Distribution
Percent of People with Each Score
Percentile by Number Answered
Your Score History
You have not taken this quiz